000
00351nam a2200145Ia 4500
008
221030s9999 xx 000 0 und d
041
_a
English
082
_a
105.23
100
_a
S. L. Kakani
245
0
_a
Text book of electronics ed.II
_c
by S. L. Kakani, K. C. Bhandari
260
_c
0
650
_a
B
700
_a
K. C. Bhandari
942
_c
BK
999
_c
11624
_d
11624